| 000 | 00588nam a2200217Ia 4500 | ||
|---|---|---|---|
| 003 | OSt | ||
| 005 | 20230318114409.0 | ||
| 008 | 210423s2014 xx 000 0 und d | ||
| 020 | _a978-93-81714-55-3 | ||
| 040 | _cAL | ||
| 041 | _aeng | ||
| 082 |
_a576.028 _223 _bANEL |
||
| 100 |
_aANEJA (K R) _976434 |
||
| 245 | _aLaboratory manual of microbiology and biotechnology | ||
| 260 |
_aNeqw Delhi _bMed Tech _c2014 |
||
| 300 |
_axv,407 _bPB |
||
| 365 |
_b595 _cINR |
||
| 650 |
_aMicrobiology _976435 |
||
| 906 | _abiotechnology ; Laboratory ; manual ; microbiology | ||
| 942 |
_2ddc _cBK |
||
| 999 |
_c168741 _d168741 |
||